Регионална библиотека "Любен Каравелов" - Русе

Силата на паметта (Запис номер 176959)

MARC детайли
000 -Лидер
Контролно поле с фиксирана дължина 01510nam a2200361 c 4500
003 - Код на организацията, давaща контролен номер
Контролно поле BLK
005 - Дата и час на последна редакция
Контролно поле 20241028120203.0
008 - Елементи от данни с фиксирана дължина
fixed length control field 180411b bul|||||r ||||||| ||bul||
010 ## - Наследен системен номер
LC control number KNG00185593000
020 ## - Международен стандартен номер на книга ISBN
Международен стандартен номер на книга ISBN 978-619-195-031-7
-- издат.: Книгомания
040 ## - Източник на каталожния запис
Идентификатор на билиотеката - собственик на записа BLK
041 ## - Код за език
Код за езика на текст/звукозапис или на отделно заглавие Български
Код за езика КДБФ Български
072 #7 - Код за тематичната категория
Код организация bullib
Код за тематична категория Н15
Текст Психология Н
080 ## - УДК
Текстов определител УДК
УДК код - определител по УДК 159.953/.955
УДК определител (02.062)
УДК - код + определител 159.953/.955(02.062)
100 1# - Редна дума - Автор
Автор Пауъл, Майкъл
Авторска отговорност първи автор
R(LIN) 340843
139 ## - Редно поле
Редна дума Пауъл, Майкъл
Авторски знак Пау - П 29
245 10 - Сведения за заглавието
Заглавие Силата на паметта
Подзаглавни данни Упражнения и съвети за силна и услужлива памет
Редно поле (дума) Майкъл Пауъл; прев. Илия Илиев.
257 ## - Страна на издаване
Страна на създаване/издаване Великобритания
260 ## - Област на издателските данни
-- София
Име на издателя, разпространителя и проч. Книгомания
Година на издаване 2015
Печатница отпеч. в Китай
300 ## - Физическа характеристика
Страници 144 с.
Илюстрации и др. с цв. ил.
Размери/Мащаб 21 см
380 ## - Жанр
Жанр Философия
500 ## - Общи забележки
Забележка Без сведение за ориг. загл. - Авт. не е отбелязан на кор. - Библиогр. с. 140-141.
650 #4 - Допълнително описание по предмет – тема
Основно описание – тема или топоним Памет - усъвършенстване
9 (RLIN) 254538
653 ## - Ключова дума – ненормативна
Ключова дума памет
659 ## - Тематичен бюлетин
Тематичен бюлетин Н
700 1# - Други автори (авторска отговорност)
Лично име Илиев, Илия
Автороска отговорност (Описва отношението между автора и произведението) прев.
Друга информация Кожухаров, Илия Илиев
9 (RLIN) 363839
852 ## - Местоположение
Форматна сигнатура Цб 278670
856 4# - Електронен адрес и достъп
Електронен формат pdf - файл
Път до файла /url/
856 4# - Електронен адрес и достъп
Електронен формат pdf - файл
Път до файла /url/
942 ## - АРТИКУЛИ
Вид на библиотечния материал Книги
Скрит в OPAC Не
Koha issues (borrowed), all copies 21
944 ## - СЪЗДАВАНЕ И РЕДАКЦИЯ на ЗАПИСА
Създаване/Редакция Създаване
Дата на регистрацията/редакция 15.12.2015
Статус, дата на статуса Цветелина Шанова
Служител, извършил регистрацията/редакцията 30531
944 ## - СЪЗДАВАНЕ И РЕДАКЦИЯ на ЗАПИСА
Създаване/Редакция Редакция
Дата на регистрацията/редакция 18.11.2016
Статус, дата на статуса ф /
Служител, извършил регистрацията/редакцията Пенка_Димитрова
999 ## - СИСТЕМНИ КОНТРОЛНИ НОМЕРА
Koha biblionumber 176959
Koha biblioitemnumber 176959
Наличности
Код за отписване Код за изгубен артикул Източник на класификационната схема Код за повреда Коз за рестрикции Код за отдаване Артикулен № Име на библиотеката - собственик Име на библиотеката, в която се намира в момента Статус (Текущо местоположение) Дата на вписване в системата Местоположение - отдел Цена в лева Инвентарен номер Систематично азбучна сигнатура Баркод Номер на екземпляра Цена в евро Служебна бележка Служебен тип на артикула
  Не е изгубен Universal Decimal Classification Не е повреден без рестрикции заемане за дома 304344 Регионална библиотека "Любен Каравелов" Русе Регионална библиотека "Любен Каравелов" Русе Заемна - подръчен фонд 2015-12-21 Заемна - подръчен фонд 14.00 120000796130 159.95/П 29 М 120000796130 1 7.16 Дост: Pk Вид: Ф N: 449 Дата: 14.12.2015 Книги
  Не е изгубен   Не е повреден без рестрикции ползва се в читалня 304345 Регионална библиотека "Любен Каравелов" Русе Регионална библиотека "Любен Каравелов" Русе Хранилище 2016-11-17 Хранилище 14.00 120000805941 Цб 278670 120000805941 2 7.16 Дост: Dp Вид: Д N: 44 Дата: 07.10.2016 Книги
  Не е изгубен Universal Decimal Classification Не е повреден без рестрикции заемане за дома 731112 Регионална библиотека "Любен Каравелов" Русе Регионална библиотека "Любен Каравелов" Русе Заемна - подръчен фонд 2019-07-23 Заемна - подръчен фонд 14.00   159.95/П 29 М 120000834666   7.16   Книги
Vip Innovations Ltd, Rousse, Bulgaria 2025